[Event "GER-ch Women 2020"]
[Site "Magdeburg"]
[Date "2020.08.16"]
[Round "1.1"]
[White "Zimmer, Elke"]
[Black "Osmanodja, Filiz"]
[Result "0-1"]
[WhiteElo "1952"]
[BlackElo "2293"]
[Annotator "TA"]
[PlyCount "94"]
[EventDate "2020.08.16"]
[EventType "swiss"]
[EventCountry "GER"]
[SourceTitle "playchess.com"]
[Source "ChessBase"]
[SourceQuality "1"]

{[%evp 14,94,23,-8,2,-27,-29,-25,-18,-42,-37,-44,-44,-87,-76,-80,-65,-83,-76,-108,-93,-99,-73,-80,-66,-91,-97,-91,-100,-114,-65,-77,-57,-53,0,-70,-56,-45,-34,-89,-36,-105,-136,-138,-140,-151,-144,-137,-122,-136,-134,-141,-85,-142,-66,-216,-151,-125,-70,-115,0,-148,-131,-125,-117,-151,-122,-147,0,-236,-197,-549,-549,-527,-506,-518,-495,-808,-472,-405,-406,-29996,-29997]} 1. e4 c5 2. Nc3 Nc6 3. g3 g6 4. Bg2 Bg7 5. d3 d6 6. Be3 Nd4 7. Qd2 Qa5 8. h3 e6 {B26: Closed Sicilian: 3 g3, lines with early Be3.} 9. f4 Ne7 10. Nf3 Nec6 {[#] Black has an edge.} 11. Bxd4 $146 ({Predecessor:} 11. O-O O-O 12. Nh4 f5 13. Rf2 Bd7 14. g4 Qd8 15. Nf3 b5 16. Nd1 Nxf3+ 17. Rxf3 {½-½ (42) Nitin,S (2365)-Ramnath,B (2357) Chennai 2009}) 11... Nxd4 12. O-O O-O 13. Rab1 b5 14. a3 Bd7 15. Rfd1 b4 16. axb4 cxb4 17. Ne2 Nxf3+ 18. Bxf3 Rac8 19. Kh2 Qc5 20. Rdc1 e5 21. Bg2 h5 22. c3 bxc3 23. bxc3 h4 (23... Rb8 $15) 24. g4 ({Better is} 24. f5 $11) 24... exf4 25. d4 Qc4 26. Rb4 (26. g5 $15) 26... Qa6 (26... Qc7 $17 {White must now prevent ...a5.} 27. Nxf4 Bh6) 27. Rcb1 (27. Rc2 $15) 27... g5 $17 28. R1b2 Rc7 29. Ra2 Qc8 30. Ra5 Qd8 31. Qa2 Be6 32. Qa3 a6 (32... Qe7 $142 33. d5 Bc8) 33. Bf3 {[#]} (33. Rxa6 $142 Bc4 34. Rxc4 Rxc4 35. Rxd6) 33... Bc4 (33... Re8 $1 $17 34. Rb6 {[#]} d5 $1 {[%mdl 512]}) 34. Rb6 ({White should try} 34. Rxc4 $1 $15 Rxc4 35. Rxa6) 34... d5 {And now ...dxe4 would win.} 35. e5 Re8 ({Black should play} 35... Qc8 $17 {aiming for ...Bxe2.} 36. Nc1 Rb7) 36. Qb2 Bb5 (36... Qc8 $17 {Hoping for ...Bxe2.} 37. Rb4 Bf8 38. Rxc4 dxc4) 37. Rd6 (37. Rbxb5 $11 axb5 38. Rxb5) 37... Rd7 38. Rxd7 Qxd7 39. Qa2 Bc4 40. Qb1 f6 (40... Bf8 $17 41. Qf5 Qxf5 42. gxf5 Rb8) 41. Qg6 $2 (41. exf6 $11 {and White stays safe.} Re3 42. Rc5) 41... fxe5 42. Bxd5+ $2 (42. dxe5 {was the crucial defense.} Rxe5 43. Nd4) 42... Bxd5 $19 43. Rxd5 Qxd5 44. Qxe8+ Kh7 45. Qc8 (45. Kg1 $142 f3 46. Nc1) 45... f3 {( -> ...Qe4)} 46. Qf5+ Kh6 47. Ng1 (47. Nc1 $19 Qd6 48. Kh1) 47... Qa2+ {Accuracy: White = 43%, Black = 58%.} 0-1

[Event "GER-ch Women 2020"]
[Site "Magdeburg"]
[Date "2020.08.16"]
[Round "1.2"]
[White "Voicu-Jagodzinsky, Carmen"]
[Black "Mehling, Katharina"]
[Result "1-0"]
[WhiteElo "2244"]
[BlackElo "1947"]
[Annotator "TA"]
[PlyCount "79"]
[EventDate "2020.08.16"]
[EventType "swiss"]
[EventCountry "GER"]
[SourceTitle "playchess.com"]
[Source "ChessBase"]
[SourceQuality "1"]

{[%evp 21,79,-9,-6,0,-8,-16,0,0,105,104,110,112,113,108,117,114,154,142,171,76,264,271,351,370,367,319,299,291,293,295,310,323,361,351,348,288,412,400,416,419,500,496,651,396,417,378,419,443,830,827,799,797,993,972,1343,816,29986,29987,29987,29988]} 1. Nf3 d5 2. c4 Nf6 3. g3 g6 4. b3 Bg7 5. Bb2 c6 6. Bg2 O-O 7. O-O Re8 8. d3 Nbd7 9. Nbd2 e5 10. Qc2 e4 11. dxe4 dxe4 12. Ng5 {[%cal Rg5e4] A11: English Opening: 1...c6.} e3 $1 {[%cal Re3d2]} 13. Nde4 Nxe4 14. Nxe4 {[#] Black must now prevent Bxg7.The position is equal.} Ne5 $146 (14... exf2+ $11 15. Rxf2 Bxb2 16. Qxb2 f5) ({Predecessor:} 14... Bxb2 15. Qxb2 f5 16. Nd6 Re6 17. Rad1 Qe7 18. Qd4 Nf6 19. f4 Ng4 20. c5 Rb8 {1-0 (34) Li,B (2383)-Cuhendi,S (2406) Budapest 2017}) 15. f4 $16 Ng4 16. Rad1 Qe7 17. Bxg7 Kxg7 18. Qc3+ f6 19. c5 $36 {[%mdl 2048] Keeping Black busy.} Be6 20. h3 (20. Nd6 $18 {and White stays clearly on top.}) 20... Nh6 $2 {This move loses the game for Black.} (20... Nf2 $16 {might work better.}) 21. g4 $18 Ng8 22. Nd6 Rf8 23. Qxe3 Rab8 24. Qd4 b6 25. e4 bxc5 26. Qxc5 Rfd8 27. e5 {aiming for exf6+.} f5 28. g5 ({Less strong is} 28. Bxc6 fxg4 29. hxg4 Bxg4 $18) ({Don't do} 28. Qxc6 Nh6) 28... Rdc8 (28... Qc7 $142 29. Qxc6 Qxc6 30. Bxc6 Ne7) 29. Rc1 Rc7 30. Rfd1 Qf8 31. Qa5 Rb6 32. b4 Qb8 33. a3 Ne7 34. Qc5 a6 {[#]} (34... Rd7 $142 35. Nc4 Rxd1+ 36. Rxd1 Rb7) 35. Ne8+ $1 {[%mdl 576] Deflection} Qxe8 36. Qxb6 {[%mdl 64] Double Attack} Qc8 37. Rd6 Kf7 38. Kh2 Nd5 39. Bxd5 Bxd5 {[#]} 40. Rxd5 $1 {[%mdl 64] Pin. Accuracy: White = 69%, Black = 31%.} 1-0

[Event "GER-ch Women 2020"]
[Site "Magdeburg"]
[Date "2020.08.16"]
[Round "1.3"]
[White "Reitz, Theresa"]
[Black "Vidonyak, Nellya"]
[Result "0-1"]
[WhiteElo "1942"]
[BlackElo "2136"]
[Annotator "TA"]
[PlyCount "62"]
[EventDate "2020.08.16"]
[EventType "swiss"]
[EventCountry "GER"]
[SourceTitle "playchess.com"]
[Source "ChessBase"]
[SourceQuality "1"]

{[%evp 17,62,29,46,40,35,28,28,26,39,28,35,0,0,-11,82,-13,-11,-33,-44,-46,-43,-47,0,-11,63,34,417,429,545,501,534,245,117,23,33,0,0,-78,0,0,0,-3,0,-95,-90,-203,-198]} 1. e4 d6 2. d4 Nf6 3. Nc3 Nbd7 4. Nf3 e5 5. Bc4 Be7 6. a4 O-O 7. O-O c6 8. Ba2 Qc7 9. Qe2 {was the old line (9.Re1).} b6 10. Rd1 {C41: Philidor Defence.} Bb7 11. dxe5 dxe5 12. Nh4 {White has an edge.} Nc5 13. Nf5 Bc8 14. Qf3 Bxf5 {[#]} 15. exf5 $146 ({Predecessor:} 15. Qxf5 Rad8 16. Be3 a5 17. h3 {½-½ (40) Cifuentes Parada,R (2510)-Adams,M (2600) Buenos Aires 1991}) 15... Bd6 {[#]} (15... Rad8 $11) 16. Bg5 (16. g4 $1 $16 {Threatens to win with g5.} e4 17. Qh3) 16... e4 $11 17. Qh3 {And now Bxf6 would win.} Be5 18. Rab1 a5 19. Be3 Nfd7 20. g4 h6 (20... Bxc3 $11 21. bxc3 Ne5) 21. Kh1 Bxc3 $2 {[%mdl 8192]} (21... Bf4 $1 $14) 22. bxc3 $18 Nxa4 23. Bxh6 Nxc3 24. Bxg7 (24. Qxc3 $142 {[%csl Gh6][%cal Rc3g7]} gxh6 25. Qd2 {[%mdl 64] Double Attack}) 24... Kxg7 {[#]} 25. Qxc3+ (25. Rxd7 $1 $16 {Threatening mate with f6+!} Qxd7 26. g5 Nxb1 27. f6+ {[%mdl 64] Discovered Attack} Kg6 28. Qxd7) 25... Qe5 $1 $11 {[%cal Re5c3]} 26. Qxe5+ Nxe5 27. h3 (27. Rxb6 $11 Rfb8 28. Rxb8 Rxb8 29. h3) 27... b5 (27... Rad8 $17) 28. Rd4 Nf3 $36 {[%mdl 2048] Black has some pressure.} 29. Rd6 Rac8 30. c3 (30. Kg2 $11 {keeps the balance.}) 30... Ne5 $17 31. Re1 (31. Rd4 $17 {was called for.}) 31... Nd3 {[%mdl 64] Double Attack. What a bad dream for White. Accuracy: White = 50%, Black = 56%.} 0-1

[Event "GER-ch Women 2020"]
[Site "Magdeburg"]
[Date "2020.08.16"]
[Round "1.4"]
[White "Burchardt, Brigitte"]
[Black "Just, Anita"]
[Result "1-0"]
[WhiteElo "2091"]
[BlackElo "1912"]
[Annotator "TA"]
[PlyCount "155"]
[EventDate "2020.08.16"]
[EventType "swiss"]
[EventCountry "GER"]
[SourceTitle "playchess.com"]
[Source "ChessBase"]
[SourceQuality "1"]

{[%evp 14,155,46,11,25,25,25,14,26,10,30,21,65,56,60,32,49,15,23,12,59,66,71,71,66,35,86,77,98,102,107,107,107,100,100,103,108,98,106,102,121,107,153,128,148,36,130,154,143,133,167,112,199,173,173,173,173,173,176,98,176,112,167,174,158,79,95,70,81,67,82,73,87,80,127,127,188,113,119,106,95,47,77,77,88,77,77,77,189,7,7,7,7,7,7,7,7,7,7,7,7,7,7,7,7,0,8,8,8,8,8,7,8,0,0,0,6,6,6,0,6,6,6,6,6,6,6,6,8,8,8,8,8,8,8,8,8,8,29984,29985,29986,29987,29988,29989]} 1. e4 e6 2. d4 d5 3. Nd2 c5 4. exd5 Qxd5 5. Ngf3 cxd4 6. Bc4 Qd6 7. O-O Nc6 8. Nb3 {[%cal Rb3d4]} a6 {C07: French Tarrasch: 3...c5, 4 Ngf3 and 4 exd5 Qxd5.} 9. Nbxd4 Nxd4 10. Qxd4 Qxd4 {The position is equal.} 11. Nxd4 Bc5 12. Nb3 {[#]} Be7 $146 ({Predecessor:} 12... Ba7 13. Re1 Nf6 14. Be3 b5 15. Bd3 Nd5 16. Bxa7 Rxa7 17. Be4 Nf6 18. Bc6+ Bd7 19. Bxd7+ Nxd7 {½-½ (35) Blazeka,I (1610)-Muha,M (1839) Biograd 2018}) 13. Be2 Bd7 14. Rd1 Nf6 15. Bg5 Bc6 16. Na5 Nd5 (16... Be4 {with more complications.} 17. Rac1 h6 18. Bh4 Bd8 19. Nc4 O-O) 17. Bd2 $36 {[%mdl 2048] White is pushing.} O-O 18. Nxc6 bxc6 19. c4 Nf6 (19... Nb4 $14) 20. Bf3 $16 Rac8 21. Bc3 Rfd8 22. Rxd8+ Bxd8 23. Rd1 Be7 24. b3 Kf8 25. Kf1 Ke8 26. Ke2 Bc5 27. g4 Ke7 28. h4 Ne8 29. Be4 (29. b4 $16 Ba7 30. Bb2) 29... g6 (29... Nf6 $14 30. Bf3 Bd6) 30. b4 Bd6 31. g5 Bf4 32. c5 (32. Kf3 $18 Bb8 33. Bc2) 32... e5 (32... h6 $16) 33. Kf3 Ke6 34. Bd3 Ra8 35. Bf1 Ke7 36. Bh3 (36. Bc4 $18) 36... Ra7 (36... f5 $16) 37. Re1 (37. Bc8 $18) 37... f6 (37... Nc7 $16) 38. gxf6+ $18 Kxf6 39. Re4 (39. Rd1 $142) 39... Kf7 $16 40. Bxe5 Bxe5 41. Rxe5 {[%mdl 4096] Endgame KRB-KRN} a5 42. a3 axb4 43. axb4 Rb7 44. Be6+ Kf6 (44... Kf8 $16 {keeps fighting.}) 45. Re4 ({White should try} 45. Bc8 $18 Kxe5 46. Bxb7) 45... Ng7 46. Bc8 Rc7 47. Bh3 (47. Bg4 {seems wilder.} Nf5 48. Kf4 Rd7 49. Bxf5 gxf5 50. Rc4) 47... Nf5 48. Ke2 Ra7 49. Bxf5 Kxf5 {KR-KR} 50. Rd4 Ke5 {[#]} (50... Ra3 $16) 51. Rd6 $2 (51. Kd3 $1 $18) 51... Rb7 52. h5 gxh5 53. Rxc6 {Strongly threatening Rb6.} Rxb4 54. Rh6 Ke4 55. Rxh5 {And now Rh4+ would win.} Rb2+ 56. Kf1 Rc2 57. Kg2 (57. Ke1 {is interesting.} Kd3 58. Rh3+ Ke4 59. Rxh7 Rxc5 60. Re7+) 57... Kf4 $1 58. Rd5 Ke4 59. Rh5 (59. Rd7 {keeps more tension.} Rxc5 60. Rxh7 Rg5+ 61. Kf1 Rb5 62. Rf7) 59... Kf4 $1 60. Rxh7 {aiming for Rc7.} Rxc5 61. Rh4+ Kg5 62. Rd4 Kf5 63. Kg3 Rc3+ 64. f3 Rb3 65. Rd5+ Ke6 66. Ra5 Rb1 67. Kg4 Rg1+ 68. Kf4 Rf1 69. Ra6+ Kf7 70. Kg4 Rg1+ 71. Kf5 Rb1 72. Ra7+ Ke8 73. f4 Kf8 74. Kg5 Rb8 75. f5 {Threatens to win with Kg6.} Kg8 $2 {[%mdl 8192] [#]} (75... Rb6 $11) 76. Kg6 $1 {White mates.} Kf8 77. f6 Rc8 78. Rh7 {Accuracy: White = 77%, Black = 69%.} 1-0

[Event "GER-ch Women 2020"]
[Site "Magdeburg"]
[Date "2020.08.16"]
[Round "1.5"]
[White "Brunner, Sophia"]
[Black "Von Herman, Brigitte"]
[Result "0-1"]
[WhiteElo "1881"]
[BlackElo "2085"]
[Annotator "ChessBase"]
[PlyCount "75"]
[EventDate "2020.08.16"]
[EventType "swiss"]
[EventCountry "GER"]
[SourceTitle "playchess.com"]
[Source "ChessBase"]
[SourceQuality "1"]
[TimeControl "40/5400+30:1800+30"]

1. d4 {[%emt 0:00:00]} Nf6 {[%emt 0:00:00]} 2. Nf3 {[%emt 0:00:00]} d5 {[%emt 0:00:05]} 3. Nbd2 {[%emt 0:00:41]} Bf5 {[%emt 0:01:35]} 4. e3 {[%emt 0:05:10]} e6 {[%emt 0:01:55]} 5. c4 {[%emt 0:02:44]} c6 {[%emt 0:06:16]} 6. Be2 {[%emt 0:08:20]} h6 {[%emt 0:02:44]} 7. O-O {[%emt 0:04:05]} Nbd7 {[%emt 0:04:14]} 8. Re1 {[%emt 0:10:53]} Be7 {[%emt 0:01:12]} 9. Nf1 {[%emt 0:02:04]} Ne4 {[%emt 0:04:18]} 10. Ng3 {[%emt 0:01:45]} Nxg3 {[%emt 0:08:47]} 11. hxg3 {[%emt 0:00:20]} Nf6 {[%emt 0:02:39]} 12. Bd2 {[%emt 0:06:14]} Ne4 {[%emt 0:08:33]} 13. Bc3 {[%emt 0:08:16]} h5 {[%emt 0:11:34]} 14. Ne5 {[%emt 0:06:23]} g6 {[%emt 0:04:26]} 15. Bd3 {[%emt 0:15:29]} f6 {[%emt 0:06:49]} 16. Nf3 {[%emt 0:01:09]} Qc7 {[%emt 0:04:07]} 17. Nh4 {[%emt 0:07:33]} O-O-O {[%emt 0:01:36]} 18. c5 {[%emt 0:03:43]} g5 {[%emt 0:03:46]} 19. Nxf5 {[%emt 0:00:35]} exf5 {[%emt 0:00:07]} 20. Bxe4 {[%emt 0:05:18]} dxe4 {[%emt 0:00:57]} 21. b4 {[%emt 0:01:04]} Rd5 {[%emt 0:06:00]} 22. a4 {[%emt 0:02:15]} h4 {[%emt 0:00:08]} 23. g4 {[%emt 0:02:43]} fxg4 {[%emt 0:00:10]} 24. Qxg4+ {[%emt 0:00:13]} f5 {[%emt 0:00:09]} 25. Qh3 {[%emt 0:02:26]} Bd8 {[%emt 0:05:49]} 26. f3 {[%emt 0:02:15]} Qd7 {[%emt 0:05:49]} 27. fxe4 {[%emt 0:00:52]} g4 {[%emt 0:00:10]} 28. Qh2 {[%emt 0:00:29]} fxe4 {[%emt 0:00:32]} 29. Qf4 {[%emt 0:00:43]} Qe6 {[%emt 0:02:27]} 30. Rf1 {[%emt 0:00:35]} Bg5 {[%emt 0:01:39]} 31. Qf2 {[%emt 0:00:20]} g3 {[%emt 0:00:58]} 32. Qe1 {[%emt 0:00:45]} Qg4 {[%emt 0:01:38]} 33. Qd1 {[%emt 0:00:37]} Qe6 {[%emt 0:01:27]} 34. Qe1 {[%emt 0:00:27]} Qg4 {[%emt 0:00:53]} 35. Qd1 {[%emt 0:00:31]} Bxe3+ {[%emt 0:00:28]} 36. Kh1 {[%emt 0:00:04]} Qg5 {[%emt 0:01:10]} 37. Re1 {[%emt 0:00:56]} h3 {[%emt 0:00:24]} 38. Re2 0-1

[Event "GER-ch Women 2020"]
[Site "Magdeburg"]
[Date "2020.08.16"]
[Round "1.6"]
[White "Kopylov, Luba"]
[Black "Butenandt, Svenja"]
[Result "0-1"]
[WhiteElo "2027"]
[BlackElo "1879"]
[Annotator "ChessBase"]
[PlyCount "60"]
[EventDate "2020.08.16"]
[EventType "swiss"]
[EventCountry "GER"]
[SourceTitle "playchess.com"]
[Source "ChessBase"]
[SourceQuality "1"]
[TimeControl "40/5400+30:1800+30"]

1. d4 {[%emt 0:00:00]} Nf6 {[%emt 0:00:00]} 2. c4 {[%emt 0:00:00]} e6 {[%emt 0:00:00]} 3. Nc3 {[%emt 0:00:00]} Bb4 {[%emt 0:00:00]} 4. Qc2 {[%emt 0:00:00]} c5 {[%emt 0:00:00]} 5. dxc5 {[%emt 0:00:05]} O-O {[%emt 0:00:06]} 6. Nf3 {[%emt 0:00:10]} Na6 {[%emt 0:01:20]} 7. g3 {[%emt 0:00:07]} Nxc5 {[%emt 0:00:59]} 8. Bg2 {[%emt 0:00:06]} Nce4 {[%emt 0:05:48]} 9. O-O {[%emt 0:00:09]} Nxc3 {[%emt 0:00:50]} 10. bxc3 {[%emt 0:00:05]} Bc5 {[%emt 0:01:11]} 11. e4 {[%emt 0:04:25]} d6 {[%emt 0:06:39]} 12. e5 {[%emt 0:02:44]} dxe5 {[%emt 0:01:31]} 13. Nxe5 {[%emt 0:00:08]} Qc7 {[%emt 0:00:36]} 14. Qe2 {[%emt 0:02:34]} Nd7 {[%emt 0:10:41]} 15. Bf4 {[%emt 0:04:12]} Nxe5 {[%emt 0:02:21]} 16. Bxe5 {[%emt 0:00:09]} Bd6 {[%emt 0:01:56]} 17. Bxd6 {[%emt 0:11:14]} Qxd6 {[%emt 0:00:06]} 18. Rfd1 {[%emt 0:00:32]} Qc7 {[%emt 0:01:28]} 19. Rab1 {[%emt 0:02:28]} Rb8 {[%emt 0:01:03]} 20. Rb5 {[%emt 0:03:31]} b6 {[%emt 0:11:33]} 21. Rd4 {[%emt 0:02:09]} Ba6 {[%emt 0:03:06]} 22. Rg5 {[%emt 0:04:04]} Rbc8 {[%emt 0:03:06]} 23. Be4 {[%emt 0:15:10]} f5 {[%emt 0:09:56]} 24. Bd3 {[%emt 0:07:29]} e5 {[%emt 0:05:50]} 25. c5 {[%emt 0:13:12]} exd4 {[%emt 0:07:15]} 26. Bxa6 {[%emt 0:00:15]} Rce8 {[%emt 0:00:14]} 27. Bc4+ {[%emt 0:01:31]} Kh8 {[%emt 0:00:16]} 28. Rxf5 {[%emt 0:01:14]} dxc3 {[%emt 0:03:56]} 29. Bb5 {[%emt 0:05:45]} Rd8 {[%emt 0:01:02]} 30. Re5 {[%emt 0:02:50]} c2 {[%emt 0:00:52]} 0-1

[Event "GER-ch Women 2020"]
[Site "Magdeburg"]
[Date "2020.08.16"]
[Round "1.7"]
[White "Schumann, Rabea"]
[Black "Bluebaum, Johanna"]
[Result "1/2-1/2"]
[WhiteElo "1871"]
[BlackElo "2011"]
[Annotator "TA"]
[PlyCount "156"]
[EventDate "2020.08.16"]
[EventType "swiss"]
[EventCountry "GER"]
[SourceTitle "playchess.com"]
[Source "ChessBase"]
[SourceQuality "1"]

{[%evp 9,156,-25,-29,-23,18,18,27,23,58,52,45,47,50,58,68,75,86,94,100,55,91,78,187,186,211,203,204,179,179,179,224,179,181,178,202,185,243,195,189,195,486,239,220,193,204,202,210,196,241,239,227,229,252,-80,-80,-80,-80,-76,-67,-88,-88,-88,0,-43,-43,-88,-88,-88,-83,-83,-93,-62,-34,-34,-16,-45,0,-45,0,-80,-53,-89,0,0,0,0,0,0,0,0,0,0,0,0,0,0,0,0,0,0,0,0,0,0,0,0,0,0,0,0,0,0,0,0,0,0,0,0,0,0,0,0,0,0,0,0,0,0,0,0,0,0,0,0,0,0,0,0,0,0,0,0,0,0,0,0,0,0,0]} 1. c4 e6 2. Nf3 d5 3. b3 Nf6 4. g3 c5 5. e3 Nc6 6. Bg2 {A13: English Opening: 1...e6.} dxc4 7. bxc4 Qd3 8. Qb3 {White has an edge.} Nb4 9. Qxd3 Nxd3+ 10. Ke2 Nxc1+ 11. Rxc1 {[#]} Be7 $146 ({Predecessor:} 11... Bd6 12. Nc3 Bd7 13. Ng5 Rb8 14. Rab1 h6 15. Nge4 Nxe4 16. Bxe4 b6 17. Nb5 Bxb5 18. Rxb5 {1-0 (55) Aithmidou,M (2243)-Amdouni,Z (2309) Paris 2017}) 12. Nc3 O-O 13. Rab1 Rb8 14. a4 b6 15. Ne5 Bd6 (15... Bb7 $16 {keeps fighting.} 16. Bxb7 Rxb7) 16. Nc6 $1 $36 {[%csl LRa7,LRb8][%mdl 2048] White is on the roll.} Rb7 17. Nb5 Bb8 18. Nxb8 {[%mdl 64] Overworked Piece} Rxb8 19. Nxa7 {Strongly threatening Nc6.} Bb7 20. Nc6 Bxc6 21. Bxc6 Rfd8 22. Rb3 {aiming for Rcb1.} Ng4 (22... Rdc8 $142) 23. h3 Ne5 24. Bg2 Rd6 $2 {[#]} (24... Rdc8 {was worth a try.} 25. f4 Nd7) 25. f4 (25. a5 $142 $1 {[%mdl 512]}) 25... Nd7 26. Rcb1 {Threatens to win with a5!} Rd8 27. R1b2 Kf8 28. Rb5 f5 29. a5 bxa5 30. Rxa5 Nb6 31. Rc2 $2 ({Less strong is} 31. Rxc5 Na4 $14) ({White has to play} 31. d3 $1 $18) 31... Rxd2+ $1 $17 {[%mdl 64] Decoy} 32. Rxd2 Rxd2+ 33. Kxd2 Nxc4+ {[%mdl 64] Double Attack} 34. Kc3 Nxa5 {[%mdl 4096] Endgame KB-KN} 35. e4 Ke7 (35... fxe4 $1 $17 36. Bxe4 h6) 36. exf5 exf5 37. g4 Kd6 38. gxf5 Nc6 39. Be4 {[#]} h6 $1 40. Kc4 Nd4 41. Kd3 Nb3 42. Kc3 Nd4 {...Ne2+ is the strong threat.} (42... Nc1 $5 {[%cal Rc1e2]} 43. Bf3 Na2+ 44. Kc4 Nb4 $15) 43. Kd3 $1 Nc6 44. Kc4 Ne7 45. h4 {[#]} h5 (45... Nc6 $1 $17) 46. Bf3 $11 {The position is equal.} Nxf5 47. Bxh5 Nxh4 {And now ...Ng2 would win.} 48. Kd3 $1 g6 49. Bd1 Nf5 50. Bb3 Nh4 51. Ke4 Nf5 52. Bf7 Ne7 53. Bb3 Nf5 54. Bf7 Nh4 55. Bb3 Ke7 56. Kd5 Ng2 57. Kxc5 Nxf4 58. Kd4 Kf6 59. Ke3 g5 60. Kf3 Nd3 61. Kg3 Nc5 62. Bc2 Ne6 63. Bb3 Nd4 64. Bd1 Kf5 65. Bg4+ Ke5 66. Bc8 Ne2+ 67. Kg4 Kf6 68. Kf3 Nf4 69. Kg4 Ng6 70. Kg3 Ne5 71. Kh3 Ke7 72. Kg3 Kd6 73. Kh3 Kd5 74. Kg3 Ke4 75. Bb7+ Ke3 76. Bc8 Ke2 77. Ba6+ Ke3 78. Bc8 Ke4 {Blacks defense is rewarded with a draw. Accuracy: White = 81%, Black = 80%.} 1/2-1/2

[Event "GER-ch Women 2020"]
[Site "Magdeburg"]
[Date "2020.08.16"]
[Round "1.8"]
[White "Bardorz, Jana"]
[Black "Heutling, Elina"]
[Result "0-1"]
[WhiteElo "2000"]
[BlackElo "1833"]
[Annotator "ChessBase"]
[PlyCount "92"]
[EventDate "2020.08.16"]
[EventType "swiss"]
[EventCountry "GER"]
[SourceTitle "playchess.com"]
[Source "ChessBase"]
[SourceQuality "1"]
[TimeControl "40/5400+30:1800+30"]

1. e4 {[%emt 0:00:00]} e5 {[%emt 0:00:00]} 2. Nf3 {[%emt 0:00:00]} Nc6 {[%emt 0:00:00]} 3. Nc3 {[%emt 0:00:00]} Nf6 {[%emt 0:00:00]} 4. d4 {[%emt 0:00:00]} exd4 {[%emt 0:00:18]} 5. Nxd4 {[%emt 0:00:00]} Bb4 {[%emt 0:00:17]} 6. Nxc6 {[%emt 0:00:17]} bxc6 {[%emt 0:00:24]} 7. Bd3 {[%emt 0:00:11]} d5 {[%emt 0:06:41]} 8. exd5 {[%emt 0:01:02]} cxd5 {[%emt 0:01:43]} 9. O-O {[%emt 0:00:39]} O-O {[%emt 0:01:54]} 10. h3 {[%emt 0:01:09]} Be6 {[%emt 0:06:23]} 11. Qf3 {[%emt 0:03:10]} c6 {[%emt 0:10:38]} 12. Ne2 {[%emt 0:03:44]} Qd7 {[%emt 0:03:37]} 13. Bg5 {[%emt 0:07:32]} Be7 {[%emt 0:02:13]} 14. Rad1 {[%emt 0:03:59]} h6 {[%emt 0:06:48]} 15. Bc1 {[%emt 0:07:19]} Nh7 {[%emt 0:06:10]} 16. Nd4 {[%emt 0:09:39]} Ng5 {[%emt 0:16:41]} 17. Qh5 {[%emt 0:08:34]} f5 {[%emt 0:26:26]} 18. Rfe1 {[%emt 0:14:04]} Bf7 {[%emt 0:04:54]} 19. Qe2 {[%emt 0:02:41]} Ne4 {[%emt 0:00:48]} 20. f3 {[%emt 0:08:27]} Bc5 {[%emt 0:00:44]} 21. fxe4 {[%emt 0:01:51]} Bxd4+ {[%emt 0:00:03]} 22. Be3 {[%emt 0:01:33]} Bxb2 {[%emt 0:01:00]} 23. exf5 {[%emt 0:02:25]} Rfe8 {[%emt 0:01:03]} 24. Qg4 {[%emt 0:02:17]} h5 {[%emt 0:01:11]} 25. Qf3 {[%emt 0:02:44]} Bc3 {[%emt 0:00:58]} 26. Re2 {[%emt 0:01:28]} Rab8 {[%emt 0:00:41]} 27. Bg5 {[%emt 0:03:22]} Bd4+ {[%emt 0:00:25]} 28. Kh1 {[%emt 0:00:28]} Rxe2 {[%emt 0:00:28]} 29. Bxe2 {[%emt 0:00:17]} Be5 {[%emt 0:00:39]} 30. f6 {[%emt 0:05:39]} Qe6 {[%emt 0:00:43]} 31. fxg7 {[%emt 0:01:43]} Kxg7 {[%emt 0:00:38]} 32. Bd3 {[%emt 0:01:36]} Bd6 {[%emt 0:00:43]} 33. Rf1 {[%emt 0:01:32]} Be5 {[%emt 0:00:34]} 34. Bf5 {[%emt 0:01:32]} Qd6 {[%emt 0:00:09]} 35. g4 {[%emt 0:04:20]} d4 {[%emt 0:00:19]} 36. Be4 {[%emt 0:00:53]} Bc4 {[%emt 0:00:31]} 37. Bd3 {[%emt 0:01:37]} Bd5 {[%emt 0:00:19]} 38. Be4 {[%emt 0:00:05]} Rf8 {[%emt 0:00:07]} 39. Bh6+ {[%emt 0:01:06]} Kxh6 {[%emt 0:00:35]} 40. Qxf8+ {[%emt 0:00:13]} Qxf8 {[%emt 0:00:10]} 41. Rxf8 {[%emt 0:30:18]} Bxe4+ {[%emt 0:30:20]} 42. Kg1 {[%emt 0:00:09]} Bxc2 {[%emt 0:00:59]} 43. Re8 {[%emt 0:00:00]} Bf4 {[%emt 0:00:00]} 44. Re6+ {[%emt 0:00:00]} Kg7 {[%emt 0:00:00]} 45. Rxc6 {[%emt 0:00:00]} d3 {[%emt 0:00:00]} 46. Kf2 {[%emt 0:00:00]} d2 {[%emt 0:00:00]} 0-1